Získavanie zaujímavých informácií v sociálnych mediach

Guardado en:
Detalles Bibliográficos
Autor principal: Jánošík, Tomáš, 1990- (Autor)
Otros Autores: Návrat, Pavol, 1952- (Orientador)
Formato: Manuscrito Libro
Lenguaje:eslovaco
Publicado: Bratislava : STU v Bratislave FIIT, 2013
Materias:
Acceso en línea:VAIS
Etiquetas: Agregar Etiqueta
Sin Etiquetas, Sea el primero en etiquetar este registro!

MARC

LEADER 00000ntm a22000003a 4500
001 stu275766
005 20150617230236.0
008 131005s2013----xo------------------slo-d
040 |a STU  |b slo 
041 0 |a slo 
044 |a xo 
100 1 |a Jánošík, Tomáš,  |d 1990-  |4 aut  |u I200  |U FIIT Fakulta informatiky a informačných technológií  |T FIIT Ústav informatiky a softvérového inžinierstva  |X 5671  |U I200  |Y 179  |7 A000005671 
242 0 0 |a Extracting interesting information from social media  |y eng 
245 1 |a Získavanie zaujímavých informácií v sociálnych mediach 
260 |a Bratislava :  |b STU v Bratislave FIIT,  |c 2013 
300 |a 37 s 
650 7 |a informatika  |2 stusub 
650 7 |a Informatics  |2 estusub 
650 7 |a sociálne siete  |2 stusub 
650 7 |a odporúčací systém  |2 stusub 
700 1 |a Návrat, Pavol,  |d 1952-  |4 ths  |u I200  |U FIIT Fakulta informatiky a informačných technológií  |T FIIT Ústav informatiky a softvérového inžinierstva  |X 4660  |U I200  |Y 179  |7 4660 
856 4 |a info a plný text  |u http://is.stuba.sk/zp/portal_zp.pl?podrobnosti=77673  |3 VAIS 
996 |b IBAP23/13  |c I*BAP23/13  |l II680  |s A  |a 24  |w stu275766_0001